Stati per Densità di popolazione - 1950 - Statistics

Statistiche generali
  • Questo quiz è stato fatto 7 volte
  • Il punteggio medio è 6 su 10
Statistiche sulle risposte
Densità (popolazione per km²) Continente Nazione % Corretto
13 420 Europa Monaco
100%
2 063 Europa Città del Vaticano
86%
975 Europa Malta
86%
1 460 Asia Singapore
86%
597 Europa Paesi Bassi
71%
285 Europa Belgio
57%
291 Asia Bangladesh
43%
490 America del Nord Barbados
43%
245 Asia Maldive
14%
243 Africa Mauritius
14%
Nessun quiz corrispondente trovato
Distribuzione punteggi
Percentuale di utenti per punteggio
Percentile per numero di risposta
I tuoi punteggi nel tempo
Non hai fatto questo quiz